000 00515nam a22001817a 4500
003 OSt
005 20140310182159.0
008 130902t xxu||||| |||| 00| 0 eng d
020 _a9781563137587
050 _aF 777
_b.C63 1995
082 _aHS 978.8
_bC719 1995
245 _aColorado : a
_b photographic portfolio.
260 _aCalifornia :
_b Browntrout Publishers,
_c1995.
300 _a111 p. :
_bcol. ill. ;
_c32 cm.
650 _aColorado
_xphotographic.
_916112
942 _2lcc
_cHS
999 _c10157
_d10157